| 000 | 01375nam a2200337 i 4500 | ||
|---|---|---|---|
| 001 | 18288 | ||
| 003 | ES-MaACL | ||
| 005 | 20240221125304.0 | ||
| 007 | t| | ||
| 008 | 011121s2001 xxu ||||1| spa d | ||
| 020 | _a0198603673 | ||
| 080 | _a(038)=111=134.2 | ||
| 080 | _a(038)=134.2=111 | ||
| 245 | 0 | 3 |
_aEl diccionario Oxford español-inglés, inglés-español / _cdirección editorial Beatriz Galimberti Jarman, Roy Russell. |
| 250 |
_a2ª ed., revisada y con secciones adicionales _beditada por Carol Styles Carvajal, Jane Horwood. |
||
| 260 |
_aNew York : _bOxford University Press, _c2001. |
||
| 300 |
_aLI, 1818 p. ; _c27 cm + _e1 disco CD-ROM. |
||
| 500 | _aPortada adicional en inglés. | ||
| 505 | 8 | _aContiene disco: "Guía de la pronunciación inglesa" | |
| 650 | 1 | 4 |
_aLengua española- _vDiccionarios- _xInglés. _914142 |
| 650 | 1 | 4 |
_aLengua inglesa- _vDiccionarios- _xEspañol. _914270 |
| 700 | 1 |
_aJarman, Beatriz Galimberti. _966130 |
|
| 700 | 1 |
_aRussell, Roy. _9101049 |
|
| 700 | 1 |
_aCarvajal, Carol Styles. _935929 |
|
| 700 | 1 |
_aHorwood, Jane. _964276 |
|
| 852 |
_aES-MaACL _jA-15171 _bR.130458 _cDEPO1 _dOlim: DIC-L 111=134.2 dic _dOlim: Meseton _918849 |
||
| 852 |
_aES-MaACL _jROT 1/7/19 _z. - CD-ROM |
||
| 852 |
_aES-MaACL _jA-15170 _cDEPO1 _dOlim: DIC L 111=134.2 dic _9 18849 |
||
| 942 | _2udc | ||
| 999 |
_c18288 _d18288 |
||